000 00451nam a2200193Ia 4500
005 20250603144645.0
008 250603s9999 xx 000 0 und d
020 _a9781119248682
050 _aRB 40 .R34/
100 _aRae, Peter
245 0 _aClinical biochemistry: lecture note
250 _a10th ed.
260 _aHoboken, NJ
260 _bJohn Wiley & Sons
260 _c2018
300 _a316 p
650 _aHoboken, NJ
942 _cBK
999 _c39568
_d39568